000 00512nam a22001697a 4500
008 140909b xxu||||| |||| 00| 0 spa d
020 _a13978987
080 _a351.754 B 322
100 _aBattaglia, Alfredo Nicolas
245 _aReglamentacion, Comentarios y Jurisprudencia del Codigo de Transito de la Provincia de Buenos Aires
260 _aMar del Plata
_bImprenta del Plata
_c2006
300 _a405 p.
650 _2LEMB
_aCodigo de transito
651 _2LEMB
945 _asa
_d2014-09-09
999 _c2644
_d233148